|
|
|
|
| LEADER |
00821cam a2200241 7i4500 |
| 001 |
0000083270 |
| 005 |
20241008090000.0 |
| 020 |
|
|
|a 013356536X (paperback)
|
| 090 |
0 |
0 |
|a HD30.29
|b .P76 1995
|
| 100 |
1 |
|
|a Proctor, Tony
|e author
|
| 245 |
1 |
4 |
|a The essence of management creativity
|c Tony Proctor.
|
| 264 |
|
|
|a London:
|b Prentice Hall,
|c 1995.
|
| 300 |
|
|
|a x, 222 pages:
|b illustrations;
|c 24 cm.
|
| 336 |
|
|
|a text
|2 rdacontent
|
| 337 |
|
|
|a unmediated
|2 rdamedia
|
| 338 |
|
|
|a volume
|2 rdacarrier
|
| 490 |
1 |
|
|a The essence of management series
|
| 504 |
|
|
|a Includes bibliographical references and index
|
| 650 |
|
0 |
|a Brainstorming
|
| 650 |
|
0 |
|a Creative ability in business --
|z United States
|
| 650 |
|
0 |
|a Group problem solving
|
| 650 |
|
0 |
|a Creative thinking
|
| 999 |
|
|
|a 0000071350
|b BOK
|c OPEN SHELF
|e 1st Floor, Shah Alam
|